000 00643nam a22002171 4500
003 OSt
005 20151022170003.0
008 990501s1975 sp spa
020 _a84-253-0031-2
040 _cBMC
082 _a813.5
100 1 _931330
_aSusann, Jacqueline
_d1918-1974
245 1 3 _aLa máquina del amor
_cJacqueline Susann ; [traducido, María Antonia Menini Pagés]
250 _a23ª ed
260 _aBarcelona
_bGrijalbo
_cD.P. 1975
300 _a492 p.
_c19 cm
595 _aTraducción de: The love machine
650 2 4 _917595
_aNovela norteamericana
700 1 _930812
_aMenini, María Antonia
942 _2ddc
_cBK
999 _c18334
_d18334